NFL Draft 2004 Quarterbacks Drafted - Statistics

General Stats
  • This quiz has been taken 10 times
  • The average score is 4 of 17
Answer Stats
Round Player Team College % Correct
1 Eli Manning Chargers Mississippi
100%
1 Philip Rivers Giants North Carolina State
90%
1 Ben Roethlisberger Steelers Miami (OH)
80%
3 Matt Schaub Falcons Virginia
30%
4 Luke McCown Browns Louisiana Tech
20%
7 B.J. Symons Texans Texas Tech
10%
7 Cody Pickett 49ers Washington
10%
5 Craig Krenzel Bears Ohio State
10%
6 Jeff Smoker Rams Michigan State
10%
6 Jim Sorgi Colts Wisconsin
10%
1 J.P. Losman Bills Tulane
10%
6 Andy Hall Eagles Delaware
0%
7 Bradlee Van Pelt Broncos Colorado State
0%
7 Casey Bramlet Bengals Wyoming
0%
7 John Navarre Cardinals Michigan
0%
6 Josh Harris Ravens Bowling Green
0%
7 Matt Mauck Broncos Louisiana State
0%
No matching quizzes found
Score Distribution
Percent of People with Each Score
Percentile by Number Answered
Your Score History
You have not taken this quiz